[Event "Challenge"]
[Site "http://www.queenalice.com/game.php?id=70121"]
[Date "2006.5.20"]
[Round "-"]
[White "Goles"]
[Black "gerchurches"]
[Result "1-0"]
[WhiteElo "1507"]
[BlackElo "2141"]

1. c4 e5 2. Nc3 Bb4 3. Nd5 Nc6 4. Nxb4 Nxb4 5. Nf3 d6 6. d4 Bf5 7. Qa4+ Nc6 8.
d5 Bd7 9. dxc6 Bxc6 10. Qc2 Nf6 11. Bg5 h6 12. Bh4 g5 13. Bg3 Ne4 14. Rd1 Qe7
15. e3 O-O-O 16. b4 f5 17. b5 Bd7 18. Be2 Rdg8 19. O-O Nc5 20. Bxe5 dxe5 21. Qc3
e4 22. Ne5 Rh7 23. Nxd7 Nxd7 24. Rd5 Qe6 25. Rfd1 Kb8 26. c5 Rc8 27. c6 Nb6 28.
R5d2 Re7 29. a4 Qe5 30. Qb3 Na8 31. cxb7 Kxb7 32. a5 Kb8 33. Rd8 Re8 34. R8d7
Rf8 35. R7d4 Rfe8 36. Rd7 Qe6 37. Qc3 Qe5 38. Qc4 Qf6 39. Qc6 Re6 40. Qd5 c6 41.
bxc6 Rexc6 42. Qb5+ Nb6 43. axb6 Rxb6 44. Qa5 Rc7 45. Rxc7 Kxc7 46. Qxa7+ Rb7
47. Rc1+ Qc6 48. Qa5+ Rb6 49. Rxc6+ Kxc6 50. Qxf5 Rb1+ 51. Bf1 Rd1 52. Qxe4+ Kd6
53. g3 Rc1 54. Kg2 1-0

[Event "Challenge"]
[Site "http://www.queenalice.com/game.php?id=70122"]
[Date "2006.5.20"]
[Round "-"]
[White "gerchurches"]
[Black "Goles"]
[Result "0-1"]
[WhiteElo "2141"]
[BlackElo "1507"]

1. e4 c5 2. Nf3 d6 3. d4 cxd4 4. Nxd4 Nf6 5. Nc3 a6 6. h3 e6 7. Bg5 Be7 8. Bd3
O-O 9. Qd2 Nbd7 10. O-O-O Qc7 11. f4 b5 12. Kb1 Bb7 13. Rhe1 Rac8 14. Nf3 b4 15.
Bxf6 Nxf6 16. Ne2 Nxe4 17. Qxb4 Nf2 18. Rd2 Bf6 19. Ned4 Nxd3 20. cxd3 Bd5 21.
Rc2 Rb8 22. Qa4 Qb6 23. b3 Rbc8 24. Rec1 Rc5 25. Rxc5 dxc5 26. Nc2 Qd6 27. Nfe1
Bc3 28. Rd1 Rb8 29. g4 a5 30. h4 c4 31. dxc4 Qxf4 32. Qd7 Qxc4 33. Nd3 a4 34.
Ne3 Qa6 35. b4 Be4 36. Kc1 a3 37. Qc7 Rc8 38. Nc5 Qa8 39. Qb6 Bb2+ 40. Kd2 Bd4
41. h5 Bf3 42. Re1 Bxc5 43. bxc5 Rb8 44. Qd6 Qa5+ 45. Kd3 Rd8 46. Rc1 h6 47. Rc2
Rxd6+ 48. cxd6 Qb4 49. Rc8+ Kh7 50. Nc4 Qb7 51. Rc7 Qd5+ 52. Kc3 Be2 53. Kb3
Bxc4+ 54. Rxc4 Qxd6 55. Ra4 f5 0-1

[Event "Challenge"]
[Site "http://www.queenalice.com/game.php?id=70254"]
[Date "2006.5.20"]
[Round "-"]
[White "peace"]
[Black "Goles"]
[Result "0-1"]
[WhiteElo "1221"]
[BlackElo "1400"]

1. d4 Nf6 2. Nf3 g6 3. Nc3 d5 4. g3 Bg7 5. Bg2 O-O 6. O-O Bg4 7. Ng5 c6 8. h3
Bd7 9. e4 dxe4 10. Ncxe4 Nxe4 11. Nxe4 Bf5 12. c3 Qb6 13. Ng5 e5 14. a4 exd4 15.
cxd4 Qxd4 16. Qxd4 Bxd4 17. Nf3 Bg7 18. Bf4 Bxb2 19. Rad1 Bg7 20. Ng5 h6 21. Nf3
Be4 22. Nd2 Bxg2 23. Kxg2 b5 24. axb5 cxb5 25. Rb1 a6 26. Bxb8 Raxb8 27. Rfc1 b4
28. Nb3 Bc3 29. Rd1 Rb5 30. Rd7 Ra8 31. Rc7 a5 32. Rc5 Rxc5 33. Nxc5 a4 34. Ne4
a3 35. Kf3 a2 36. Nxc3 axb1=Q 37. Nxb1 b3 38. Ke2 Ra1 39. Nc3 b2 40. Kd2 b1=Q
41. Nxb1 Rxb1 42. Ke3 Rb4 43. Kf3 Kg7 44. g4 Kf6 45. Kg3 g5 46. h4 h5 47. hxg5+
Kxg5 48. f4+ Rxf4 49. gxh5 Re4 50. Kf3 f5 51. Kg3 Kxh5 52. Kf3 Kg5 53. Kg3 Re3+
54. Kf2 Kf4 55. Kg2 Rf3 56. Kh2 Rf2+ 57. Kh3 Re2 58. Kh4 Rh2# 0-1

[Event "Challenge"]
[Site "http://www.queenalice.com/game.php?id=70393"]
[Date "2006.5.21"]
[Round "-"]
[White "esterminio1"]
[Black "Goles"]
[Result "1/2-1/2"]
[WhiteElo "2039"]
[BlackElo "1507"]

1. d4 Nf6 2. c4 g6 3. Nc3 d5 4. Nf3 Bg7 5. e3 O-O 6. cxd5 Nxd5 7. Qb3 Nxc3 8.
bxc3 c5 9. Bc4 Nc6 10. Be2 cxd4 11. cxd4 e5 12. Bb2 Be6 13. Qd1 Qa5+ 14. Qd2
Qxd2+ 15. Kxd2 exd4 16. exd4 Rad8 17. Rhd1 Nb4 18. Ba3 Bxd4 19. Nxd4 Rxd4+ 20.
Kc3 Rxd1 21. Rxd1 Nxa2+ 22. Kb2 Rc8 23. Bf3 Nc3 24. Rc1 Na4+ 25. Ka1 Rxc1+ 26.
Bxc1 b6 27. Bc6 Nc5 28. Bf4 Nd3 29. Bb8 a6 30. Bc7 b5 31. Bb6 Nb4 32. Be8 Kg7
33. Bc5 Nd3 34. Bd4+ f6 35. g3 Ne5 36. Bc3 Ng4 37. Bc6 Bc8 38. Bd4 Nxh2 39. Bg2
Ng4 40. Bh3 Bd7 41. Bxg4 Bxg4 42. Bc3 Kf7 43. Kb2 Ke7 44. Kb3 Bc8 45. Kb4 f5 46.
Kc5 Kd7 47. Kb6 Kd6 48. Bb4+ Kd5 49. Kc7 Be6 50. Kb6 Kc4 51. Ka5 Bc8 52. Bd2 g5
53. Bxg5 b4 54. Be7 b3 55. Bf6 Kd3 56. Ka4 Kc2 57. Ka3 Be6 58. Bd4 f4 59. Be5 a5
60. Bd4 h6 61. Be5 Bd7 62. Bg7 Bc8 63. Be5 Bd7 64. Bg7 a4 65. Be5 fxg3 66. fxg3
h5 67. Bf6 Kd3 68. Be5 Ke4 69. Bd6 Kf3 70. Be5 Kg4 1/2-1/2

[Event "Challenge"]
[Site "http://www.queenalice.com/game.php?id=70394"]
[Date "2006.5.21"]
[Round "-"]
[White "Goles"]
[Black "esterminio1"]
[Result "1-0"]
[WhiteElo "1437"]
[BlackElo "2047"]

1. c4 Nf6 2. Nc3 e5 3. Nf3 Nc6 4. g3 Bb4 5. Bg2 Bxc3 6. bxc3 d6 7. d4 h6 8. dxe5
Nxe5 9. Nxe5 dxe5 10. Qxd8+ Kxd8 11. O-O c6 12. Rd1+ Kc7 13. Ba3 Rd8 14. Rxd8
Kxd8 15. Bd6 Nd7 16. Rd1 Ke8 17. e3 f6 18. f4 exf4 19. exf4 Nb6 20. Re1+ Kf7 21.
c5 Nc4 22. Re7+ Kg6 23. Kf2 a5 24. h3 h5 25. Rc7 Nxd6 26. cxd6 Be6 27. Rxb7 Rd8
28. Bxc6 Rxd6 29. Be8+ Kh6 30. Rb5 g6 31. Rxa5 Rd2+ 32. Ke3 Rxa2 33. Rxa2 Bxa2
34. h4 Be6 35. Kd4 g5 36. c4 gxf4 37. gxf4 Bg4 38. Kd5 Kg7 39. Kd6 Kf8 40. Bd7
1-0

[Event "Um joguinho virtual"]
[Site "http://www.queenalice.com/game.php?id=70484"]
[Date "2006.5.21"]
[Round "-"]
[White "Goles"]
[Black "Alcar"]
[Result "1-0"]
[WhiteElo "1437"]
[BlackElo "1599"]

1. c4 e5 2. Nc3 f5 3. g3 Nf6 4. Bg2 c6 5. d4 exd4 6. Qxd4 d6 7. Bf4 c5 8. Qd2
Be7 9. O-O-O Nc6 10. Bxd6 Nd4 11. Bxe7 Qxe7 12. e3 Nc6 13. Nd5 Nxd5 14. cxd5 Nb4
15. a3 Na6 16. d6 Qd7 17. Nf3 O-O 18. Ne5 Qb5 19. d7 Bxd7 20. Qxd7 Qxd7 21. Nxd7
Rfd8 22. Bxb7 Nc7 23. Bxa8 Rxa8 24. Nxc5 Rc8 25. Kb1 Ne8 26. Ne6 Kf7 27. Nf4 Nf6
28. Rc1 Rd8 29. Rhd1 Rxd1 30. Rxd1 Ne4 31. Rd7+ Kf6 32. f3 Nc5 33. Rxa7 Nb3 34.
a4 Nd2+ 35. Ka2 Nxf3 36. a5 Nxh2 37. a6 Ng4 38. Rb7 Nxe3 39. a7 1-0

[Event "AUTO-ELITE-52"]
[Site "http://www.queenalice.com/game.php?id=70524"]
[Date "2006.5.21"]
[Round "1"]
[White "trompmaster"]
[Black "Goles"]
[Result "0-1"]
[WhiteElo "1978"]
[BlackElo "1400"]

1. d4 d5 2. Bg5 Nf6 3. e3 c5 4. a3 Nc6 5. c3 Ne4 6. Bh4 g5 7. Bg3 h5 8. f3 Nxg3
9. hxg3 Qd6 10. f4 Rg8 11. Rxh5 gxf4 12. dxc5 Qg6 13. Be2 Qxg3+ 14. Kd2 Qxe3+
15. Kc2 Rxg2 16. Nd2 d4 17. Kb3 Be6+ 18. Ka4 d3 19. Bf3 Rxd2 20. Bxc6+ bxc6 21.
Qf3 Rxb2 22. Qh1 a5 23. c4 Qd2 0-1

[Event "AUTO-ELITE-52"]
[Site "http://www.queenalice.com/game.php?id=70525"]
[Date "2006.5.21"]
[Round "1"]
[White "Goles"]
[Black "trompmaster"]
[Result "1-0"]
[WhiteElo "1400"]
[BlackElo "1978"]

1. d4 d6 2. e4 Nf6 3. Nc3 Nbd7 4. Nf3 e5 5. Bc4 Be7 6. O-O h6 7. dxe5 dxe5 8.
Qd3 c6 9. Be3 Qc7 10. Nh4 g6 11. Rad1 Nc5 12. Bxf7+ Kxf7 13. Bxc5 Bxc5 14. Qc4+
Be6 15. Qxc5 Ne8 16. Qe3 Nf6 17. Qg3 Rhg8 18. f4 Ng4 19. Rd6 Qb6+ 20. Kh1 Ne3
21. fxe5+ Nxf1 22. Qf4+ Kg7 23. Rxe6 Ng3+ 24. hxg3 Kh7 25. Nf5 1-0

[Event "AUTO-ELITE-52"]
[Site "http://www.queenalice.com/game.php?id=70536"]
[Date "2006.5.21"]
[Round "1"]
[White "jsm"]
[Black "Goles"]
[Result "1-0"]
[WhiteElo "1817"]
[BlackElo "1457"]

1. e4 c5 2. Nf3 d6 3. d4 cxd4 4. Nxd4 Nf6 5. Nc3 a6 6. a4 e6 7. f3 d5 8. e5 Nfd7
9. Bf4 Nc6 10. Nxc6 bxc6 11. a5 Bc5 12. h4 Rb8 13. Na4 Qxa5+ 14. Bd2 Qc7 15. f4
Ba7 16. b3 1-0

[Event "AUTO-ELITE-52"]
[Site "http://www.queenalice.com/game.php?id=70537"]
[Date "2006.5.21"]
[Round "1"]
[White "Goles"]
[Black "jsm"]
[Result "0-1"]
[WhiteElo "1455"]
[BlackElo "1819"]

1. c4 Nf6 2. Nc3 g6 3. d4 d5 4. cxd5 Nxd5 5. e4 Nf6 6. Bc4 c6 7. Qb3 e6 8. Nf3
Bg7 9. O-O O-O 10. Bg5 Qc7 11. Rfe1 Nbd7 12. e5 Nd5 13. Rac1 Nxc3 14. bxc3 Nb6
15. Bd3 Re8 16. Nd2 a5 0-1

[Event "AUTO-ELITE-52"]
[Site "http://www.queenalice.com/game.php?id=70544"]
[Date "2006.5.21"]
[Round "1"]
[White "Goles"]
[Black "waltc"]
[Result "0-1"]
[WhiteElo "1452"]
[BlackElo "2037"]

1. c4 e5 2. Nc3 Nf6 3. Nf3 d6 4. d4 Nbd7 5. e4 Be7 6. Be2 O-O 7. O-O Re8 8. dxe5
dxe5 9. Qc2 c6 10. Rd1 Qc7 11. a3 Nf8 12. b4 Bg4 13. Be3 Ne6 14. c5 Rad8 15. Ng5
Nxg5 16. Bxg5 Bxe2 17. Qxe2 h6 18. Be3 Rxd1+ 19. Rxd1 Rd8 20. f3 Kf8 21. Kf2 Ke8
22. Rd3 Rxd3 23. Qxd3 Qd7 24. Ke2 Bd8 25. Nd1 Qxd3+ 26. Kxd3 Kd7 27. Nb2 Bc7 28.
Nc4 Ne8 29. a4 a6 0-1

[Event "AUTO-ELITE-52"]
[Site "http://www.queenalice.com/game.php?id=70545"]
[Date "2006.5.21"]
[Round "1"]
[White "waltc"]
[Black "Goles"]
[Result "1-0"]
[WhiteElo "2039"]
[BlackElo "1452"]

1. e4 c5 2. Nf3 d6 3. d3 e5 4. g3 Nc6 5. Bg2 Nf6 6. O-O Be7 7. Nbd2 O-O 8. c3
Be6 9. Ng5 Bg4 10. f3 Bd7 11. f4 exf4 12. gxf4 Bg4 13. Qe1 Re8 14. Qg3 Qc8 15.
Kh1 Nh5 16. Qf2 h6 17. Ngf3 Nxf4 18. Ne1 Nxg2 19. Qxf7+ Kh8 20. Nxg2 Ne5 21. Qf2
Nxd3 22. Qg3 Ne5 23. Ne3 Be6 24. Rg1 Bf6 25. Nf3 Qc6 26. Nxe5 Bxe5 27. Qg2 Rf8
28. Nd5 1-0

[Event "Challenge"]
[Site "http://www.queenalice.com/game.php?id=70652"]
[Date "2006.5.22"]
[Round "-"]
[White "Goles"]
[Black "Mirok"]
[Result "0-1"]
[WhiteElo "1411"]
[BlackElo "1779"]

1. c4 Nf6 2. Nc3 g6 3. d4 Bg7 4. Nf3 O-O 5. e4 d6 6. Be2 e5 7. O-O Nc6 8. d5 Ne7
9. Ne1 Nd7 10. f3 f5 11. Be3 f4 12. Bf2 g5 13. Nd3 Nf6 14. c5 Ng6 15. Qa4 Rf7
16. Qb4 a5 17. Qb3 g4 18. cxd6 cxd6 19. Rac1 g3 20. hxg3 fxg3 21. Bxg3 Nh5 22.
Bf2 Qg5 23. g4 Rxf3 0-1

[Event "Challenge"]
[Site "http://www.queenalice.com/game.php?id=70653"]
[Date "2006.5.22"]
[Round "-"]
[White "Mirok"]
[Black "Goles"]
[Result "1-0"]
[WhiteElo "1722"]
[BlackElo "1500"]

1. e4 c5 2. Nf3 Nc6 3. d4 cxd4 4. Nxd4 Nf6 5. Nc3 e5 6. Ndb5 d6 7. Bg5 a6 8. Na3
b5 9. Bxf6 gxf6 10. Nd5 Bg7 11. c3 f5 12. exf5 Bxf5 13. Nc2 O-O 14. Nce3 Be6 15.
Bd3 f5 16. Qh5 Qd7 17. g4 e4 18. Bc2 Rab8 19. O-O-O b4 20. gxf5 Bxd5 21. f6 Bxa2
22. fxg7 Rf4 23. Qg5 Qf7 24. Rxd6 Rb5 25. Qg3 bxc3 26. bxc3 Rf3 27. Qg4 1-0

[Event "AUTO-ELITE-63"]
[Site "http://www.queenalice.com/game.php?id=78215"]
[Date "2006.6.19"]
[Round "1"]
[White "Goles"]
[Black "Number9"]
[Result "0-1"]
[WhiteElo "1507"]
[BlackElo "2062"]

1. d4 Nf6 2. c4 g6 3. Nc3 d5 4. cxd5 Nxd5 5. e4 Nxc3 6. bxc3 Bg7 7. Bc4 O-O 8.
Ne2 c5 9. Be3 cxd4 10. cxd4 Nc6 11. O-O Bg4 12. f3 Na5 13. Bd3 Be6 14. d5 Bxa1
0-1

[Event "AUTO-ELITE-63"]
[Site "http://www.queenalice.com/game.php?id=78216"]
[Date "2006.6.19"]
[Round "1"]
[White "Number9"]
[Black "Goles"]
[Result "1-0"]
[WhiteElo "2062"]
[BlackElo "1507"]

1. d4 Nf6 2. c4 g6 3. Nc3 d5 4. Bf4 Bg7 5. Nf3 O-O 6. e3 c5 7. dxc5 Qa5 8. Rc1
dxc4 9. Bxc4 Ne4 10. Be5 Nc6 11. Bxg7 Kxg7 12. Qa4 Nxc5 13. Qxa5 Nxa5 14. Be2
Ne6 15. b4 Nc6 16. b5 Na5 17. Nd5 Re8 18. O-O 1-0